000 00345nam a2200133Ia 4500
008 210210b2004 xxu||||| |||| 00| 0 eng d
082 _a502 HINH
100 _aHINDU.
245 _aHindu speaks on scientific facts Vol.2
260 _aChennai
_bKasturi and Sons Limited
_c2004
300 _axiv,328
690 _aPure Sciences
906 _a059888
999 _c106902
_d106902